1337 1090 1897 1608 1234 1839 1932 1792 1673 1392 1095 1482 1477 1301 1125 1884 1034 1600 1679 1138 1765 1557 1800 1727 1044 1657 1184 1707 1168 1621 1045 1756 1477 1010 1565 1068 1125 1025 1974 1398 1872 1158 1193 1717 1875 1656 1841 2000 1768 1474 1159 1663 1167 1210 1440 1159 1665 1367 1183 1220 1421 1978 1287 1580 1987 1388 1596 1431 1739 1905 1250 1489 1382 1773 1940 1623 1869 1622 1577 1211 1254 1709 1651 1614 1781 1568 1583 1947 1914 1530 1712 1213 1753 1737 1035 1894 1548 1140 1742 BCNSPRNW ULIB Ver.6.0+V

เปลี่ยนเป็นภาษาไทย

Change to English
 แสดงรายละเอียดบรรณานุกรม
  กลับหน้าหลัก

Brief Record : Get Marc (ISO 2709) : E-mail record : QR code < ปิดหน้าต่าง
LEADER : 00000nam 2200000uu 4500
001    13399122460
003     ULIB
008    020711s2546 th a 000 0 tha d
099    วจ.W84^bป458ก
100    ปริทรรศน์ วันจันทร์
245    การรับรู้ความสามารถในการปฏิบัติงานด้านการบริการปฐมภูมิของนิสิตหลักสูตรพยาบาลศาสตรบัณฑิต มหาวิทยาลัยนเรศวร ปีการศึกษา2545./^cปริทรรศน์ วันจันทร์
260    นครสวรรค์ :^bวิทยาลัยพยาบาลบรมราชชนนี สวรรค์ประชารักษ์ นครสวรรค์,^c2546
300    77 หน้า
650    การบริการปฐมภูมิ^xวิจัย
650    ความสามรถ^xวิจัย
945    ^p0^l0^i023534
รายการนี้ยังไม่มีแท็ก
คุณยังไม่ได้ล็อกอิน คุณสามารถมีกิจกรรมร่วมกับเว็บไซต์ได้ แต่ต้องล็อกอินก่อน ::
  ล็อกอิน

รายการสื่อสารสนเทศ

ลำดับที่ ประเภท เลขเรียก/บาร์โค้ด สถานที่ สถานะ
1. งานวิจัย
งานวิจัย
วจ.W84 ป458ก ฉ.1 
  Barcode: 023534
ห้องสมุดวิทยาเขตสวรรค์ประชารักษ์
►วิจัย
บนชั้น

รายการใกล้เคียง
    ผู้แต่ง [ปริทรรศน์ วันจันทร์]

BibComment


ยังไม่เคยถูกคอมเมนท์

คอมเมนท์ทรัพยากรรายการนี้
  คอมเมนท์: การรับรู้ความสามา..


 Copyright 2026. Bcnsprnw @Library